[Event "4NCL/Div1/BAR1 vs. PYO"]
[Site "Telford ENG"]
[Date "2003.03.08"]
[Round "5.1"]
[White "Parker, Jonathan"]
[Black "Haslinger, Stewart"]
[Result "1/2-1/2"]
[WhiteElo "2545"]
[BlackElo "2385"]
[PlyCount "48"]
[EventDate "2003.03.08"]

1. d4 d5 2. c4 c6 3. Nf3 Nf6 4. e3 a6 5. Nc3 b5 6. b3 Bg4 7. h3 Bxf3 8. gxf3
Nbd7 9. f4 e6 10. c5 a5 11. Bd3 g6 12. Qf3 Qc7 13. Bd2 Bg7 14. h4 h5 15. Rc1
Ng4 16. Qg2 Bf6 17. Ne2 Nh6 18. Ng1 Nf5 {(=)} 19. Nf3 b4 20. Bc2 Qb7 21. Qf1
Nb8 22. Qd3 {(=)} 22... Qe7 23. Ng5 Na6 24. Bd1 Nc7 1/2-1/2

[Event "4NCL/Div1/BAR1 vs. PYO"]
[Site "Telford ENG"]
[Date "2003.03.08"]
[Round "5.2"]
[White "Taylor, Martin R"]
[Black "Collinson, Adam"]
[Result "1/2-1/2"]
[WhiteElo "2300"]
[BlackElo "2390"]
[PlyCount "26"]
[EventDate "2003.03.08"]

1. c4 e5 2. g3 Nf6 3. Bg2 c6 4. d4 Bb4+ 5. Bd2 Bxd2+ 6. Qxd2 d6 7. e3 Be6 8. b3
exd4 9. Qxd4 d5 10. cxd5 Bxd5 11. Nf3 Na6 12. O-O O-O 13. Rd1 Be6 1/2-1/2

[Event "4NCL/Div1/BAR1 vs. PYO"]
[Site "Telford ENG"]
[Date "2003.03.08"]
[Round "5.3"]
[White "Webster, Andrew"]
[Black "Bigg, Andrew J"]
[Result "1-0"]
[WhiteElo "2415"]
[BlackElo "2292"]
[PlyCount "95"]
[EventDate "2003.03.08"]

1. Nf3 Nf6 2. c4 g6 3. Nc3 Bg7 4. g3 d6 5. Bg2 e5 6. d3 O-O 7. O-O Nc6 8. Rb1
h6 9. b4 Be6 10. b5 Ne7 11. Nd2 Rb8 12. Qa4 Nc8 13. Ba3 Re8 14. Rfc1 Nb6 15.
Qc2 Qd7 16. Nb3 Bh3 17. Bh1 Ng4 18. c5 Nc8 19. c6 Qf5 20. e4 Qg5 21. cxb7 Nb6
22. Na5 h5 23. Re1 h4 24. Bc1 hxg3 25. hxg3 Qh5 26. f3 Nf6 27. Qh2 Be6 28. a4
Qxh2+ 29. Kxh2 d5 30. Nc6 Rxb7 31. a5 d4 32. axb6 dxc3 33. bxa7 Bd7 34. Be3 c2
35. Rbc1 Rxb5 36. Rxc2 Bf8 37. Nb8 Rexb8 38. axb8=Q Rxb8 39. Rxc7 Rb2+ 40. Bg2
Bd6 41. Ra7 Bb5 42. d4 Nh5 43. dxe5 Bxe5 44. f4 Bc3 45. Rc1 Nf6 46. Rxc3 Bf1
47. Bd4 Rxg2+ 48. Kh1 1-0

[Event "4NCL/Div1/BAR1 vs. PYO"]
[Site "Telford ENG"]
[Date "2003.03.08"]
[Round "5.4"]
[White "Jones, Gawain CB"]
[Black "Knott, Simon"]
[Result "1-0"]
[WhiteElo "2271"]
[BlackElo "2401"]
[PlyCount "83"]
[EventDate "2003.03.08"]

1. e4 e6 2. d3 d5 3. Qe2 Nf6 4. Nf3 Be7 5. g3 O-O 6. Bg2 c5 7. O-O Nc6 8. e5
Ne8 9. c4 Nc7 10. Nc3 Rb8 11. Rd1 b5 12. b3 Ba6 13. a4 bxc4 14. bxc4 Rb4 15.
Ba3 Rb6 16. Nb5 d4 17. Nd2 Bxb5 18. cxb5 Na5 19. Nc4 Nxc4 20. dxc4 f5 21. a5
Rb8 22. Qf3 Qd7 23. Rab1 Rfd8 24. Rb3 g6 25. Qd3 Bf8 26. Ra1 Qg7 27. Bc1 h6 28.
Bd2 Kh7 29. Rab1 Kg8 30. b6 axb6 31. Rxb6 Rxb6 32. axb6 Na6 33. b7 Nb4 34. Qa3
Rb8 35. Qa8 Qc7 36. Ra1 Bg7 37. f4 Kf7 38. Qxb8 Qxb8 39. Ra8 Na6 40. Rxa6 Bxe5
41. fxe5 Qxe5 42. Ra8 1-0

[Event "4NCL/Div1/BAR1 vs. PYO"]
[Site "Telford ENG"]
[Date "2003.03.08"]
[Round "5.5"]
[White "Palliser, Richard"]
[Black "Broomfield, Matthew"]
[Result "1-0"]
[WhiteElo "2455"]
[BlackElo "2255"]
[PlyCount "71"]
[EventDate "2003.03.08"]

1. d4 Nf6 2. Nf3 e6 3. e3 b6 4. Bd3 Bb7 5. O-O c5 6. c4 Be7 7. Nc3 O-O 8. d5
exd5 9. cxd5 d6 10. e4 Ba6 11. e5 dxe5 12. Nxe5 Bb7 13. Bc4 a6 14. a4 Nbd7 15.
Bf4 Nxe5 16. Bxe5 Bd6 17. f4 Ne8 18. Qh5 g6 19. Qh6 f6 20. Ne4 Qe7 21. Bxd6
Nxd6 22. Nxd6 Qxd6 23. f5 g5 24. Rae1 b5 25. Re7 Qxe7 26. d6+ Qf7 27. Bxf7+
Rxf7 28. Re1 Raf8 29. axb5 axb5 30. Re7 Bc8 31. g4 Bd7 32. h4 gxh4 33. g5 Bxf5
34. gxf6 Kh8 35. Kh2 c4 36. d7 1-0

[Event "4NCL/Div1/BAR1 vs. PYO"]
[Site "Telford ENG"]
[Date "2003.03.08"]
[Round "5.6"]
[White "Rendle, Thomas E"]
[Black "Rogers, Jonathan W"]
[Result "1/2-1/2"]
[WhiteElo "2238"]
[BlackElo "2346"]
[PlyCount "97"]
[EventDate "2003.03.08"]

1. e4 d5 2. exd5 Qxd5 3. Nc3 Qe5+ 4. Be2 c6 5. Nf3 Qc7 6. d4 Bf5 7. Bc4 e6 8.
Qe2 Nf6 9. Ne5 Bb4 10. Bd2 Nbd7 11. O-O-O Bxc3 12. Bxc3 Nxe5 13. dxe5 Nd5 14.
Bd2 O-O-O 15. g4 {(=)} 15... Bg6 16. f4 h5 17. h3 Qb6 18. Bb3 Qd4 19. f5 exf5
20. Bg5 Qc5 21. Bxd8 Rxd8 22. gxh5 Bh7 23. Bxd5 cxd5 24. Rhg1 f4 25. Rxg7 f3
26. Qd2 Be4 27. Qc3 Qxc3 28. bxc3 Kd7 29. h6 Ke6 30. h7 Rh8 31. Rf1 Bxh7 32.
Rxf3 Bg6 33. Re3 a5 34. Kd2 b5 35. a3 Rc8 36. h4 Rh8 37. Kc1 Rxh4 {(=)} 38. Rg8
Rh2 39. Rb8 Rxc2+ 40. Kd1 Rb2 41. Rb6+ Ke7 42. e6 Rb1+ 43. Kd2 Rb2+ 44. Ke1 Be4
45. exf7 Kxf7 46. Rh3 Kg7 47. Rhh6 b4 48. axb4 axb4 49. cxb4 1/2-1/2

[Event "4NCL/Div1/BAR1 vs. PYO"]
[Site "Telford ENG"]
[Date "2003.03.08"]
[Round "5.7"]
[White "Dishman, Stephen"]
[Black "Dorrington, Christopher"]
[Result "1-0"]
[WhiteElo "2296"]
[BlackElo "2188"]
[PlyCount "61"]
[EventDate "2003.03.08"]

1. d4 d5 2. c4 dxc4 3. Nf3 Nf6 4. e3 e6 5. Bxc4 c5 6. O-O a6 7. dxc5 Qxd1 8.
Rxd1 Bxc5 9. Nbd2 Nc6 10. b3 b5 11. Be2 Bb7 12. Bb2 Rc8 13. a4 b4 14. Nc4 Ke7
15. Ne1 Rhd8 16. Nd3 Nb8 17. Nxc5 Rxc5 18. Rxd8 Kxd8 19. Bd4 Rg5 20. f3 Rd5 21.
Bb6+ Ke8 22. e4 Rd7 23. Bc5 Nh5 24. Bxb4 Nf4 25. Bf1 g5 26. Nd6+ Kd8 27. Rd1
Kc7 28. Ba5+ Kc6 29. Bb5+ axb5 30. axb5+ Kc5 31. b4# 1-0

[Event "4NCL/Div1/BAR1 vs. PYO"]
[Site "Telford ENG"]
[Date "2003.03.08"]
[Round "5.8"]
[White "Gilbert, Jessie"]
[Black "Kieran, Rosalind"]
[Result "1/2-1/2"]
[WhiteElo "2116"]
[BlackElo "2087"]
[PlyCount "52"]
[EventDate "2003.03.08"]

1. d4 Nf6 2. c4 e6 3. Nf3 b6 4. g3 Ba6 5. b3 Bb4+ 6. Bd2 Be7 7. Bg2 c6 8. O-O
d5 9. Ne5 Nfd7 10. Nxd7 Nxd7 11. Bc3 O-O 12. Nd2 Rc8 13. e4 dxe4 14. Nxe4 f5
15. Nd2 Bf6 16. f4 Nc5 17. Nf3 Ne4 18. Bb2 c5 19. Ne5 Bb7 20. dxc5 Rxc5 21. Qe2
Rc7 22. Rad1 Qe7 23. Rd3 Rd8 24. Rxd8+ Qxd8 25. Rd1 Qe7 26. Qe3 Nc5 1/2-1/2

[Event "4NCL/Div1/BRI1 vs. SLO1"]
[Site "Telford ENG"]
[Date "2003.03.08"]
[Round "5.1"]
[White "Beaumont, Chris"]
[Black "Spraggett, Kevin"]
[Result "1/2-1/2"]
[WhiteElo "2328"]
[BlackElo "2526"]
[PlyCount "61"]
[EventDate "2003.03.08"]

1. d4 f5 2. g3 Nf6 3. Bg2 g6 4. Nf3 Bg7 5. O-O O-O 6. c4 d6 7. b4 c6 8. Bb2 Kh8
9. Nc3 Be6 10. d5 Bg8 11. Nd4 cxd5 12. cxd5 Na6 13. a3 Nc7 14. Qb3 Qd7 15. Rfd1
Rac8 16. a4 f4 17. gxf4 Qg4 18. e4 Nh5 19. Nce2 Nxf4 20. Nxf4 Qxf4 21. Qg3 Qxg3
22. hxg3 Na6 23. b5 Nc5 24. a5 Nb3 25. Ra2 Nxd4 26. Bxd4 Bxd4 27. Rxd4 Rc1+ 28.
Bf1 Rfc8 29. Kg2 Bf7 30. Raa4 Be8 31. Rac4 1/2-1/2

[Event "4NCL/Div1/BRI1 vs. SLO1"]
[Site "Telford ENG"]
[Date "2003.03.08"]
[Round "5.2"]
[White "Wells, Peter K"]
[Black "Cobb, Charles"]
[Result "1/2-1/2"]
[WhiteElo "2486"]
[BlackElo "2331"]
[PlyCount "61"]
[EventDate "2003.03.08"]

1. d4 e6 2. e4 d5 3. Nd2 dxe4 4. Nxe4 Bd7 5. Nf3 Bc6 6. Bd3 Nd7 7. O-O Ngf6 8.
Ned2 Be7 9. Nc4 O-O 10. Na5 Bxf3 11. Qxf3 c6 12. Nxb7 Qb6 13. Nc5 Nxc5 14. dxc5
Bxc5 15. Bd2 e5 16. Rae1 Rfe8 17. Bg5 e4 18. Bxe4 Nxe4 19. Rxe4 Qxb2 20. Rxe8+
Rxe8 21. Qxc6 Qe5 22. Bf4 Qe7 23. h3 h6 24. Bd2 Rd8 25. Ba5 Qd6 26. Qf3 Re8 27.
Bc3 Qg6 28. Qd1 Bb6 29. a4 Qc6 30. Qa1 Re6 31. Bd4 1/2-1/2

[Event "4NCL/Div1/BRI1 vs. SLO1"]
[Site "Telford ENG"]
[Date "2003.03.08"]
[Round "5.3"]
[White "Ansell, Simon"]
[Black "Houska, Jovanka"]
[Result "1-0"]
[WhiteElo "2398"]
[BlackElo "2386"]
[PlyCount "69"]
[EventDate "2003.03.08"]

1. e4 c6 2. d4 d5 3. e5 Bf5 4. c4 e6 5. Nc3 dxc4 6. Bxc4 Nd7 7. Nge2 Ne7 8. Ng3
Bg6 9. h4 h6 10. h5 Bh7 11. Bb3 Nf5 12. Nxf5 Bxf5 13. Be3 Be7 14. O-O O-O 15.
g4 Bh7 16. f4 Nb6 17. Qf3 Nd5 18. Nxd5 cxd5 19. f5 Bg5 20. Rf2 Rc8 21. Raf1
Bxe3 22. Qxe3 Qh4 23. Rh2 Qxg4+ 24. Rg2 Qh4 25. f6 g5 26. hxg6 fxg6 27. Bd1 Qe4
28. Qxe4 dxe4 29. Bb3 Kf7 30. d5 Rfe8 31. dxe6+ Rxe6 32. Rd2 Bg8 33. Rd7+ Ke8
34. Bxe6 Bxe6 35. Re7+ 1-0

[Event "4NCL/Div1/BRI1 vs. SLO1"]
[Site "Telford ENG"]
[Date "2003.03.08"]
[Round "5.4"]
[White "McNab, Colin A"]
[Black "Sherwin, James T"]
[Result "1-0"]
[WhiteElo "2423"]
[BlackElo "2323"]
[PlyCount "59"]
[EventDate "2003.03.08"]

1. c4 Nf6 2. Nf3 g6 3. g3 Bg7 4. Bg2 O-O 5. O-O d6 6. d4 Nc6 7. d5 Na5 8. Nbd2
c5 9. e4 e5 10. b3 Bd7 11. Ne1 b5 12. Nd3 Ne8 13. Bb2 Rb8 14. Qc2 bxc4 15. bxc4
f5 16. Rab1 Nf6 17. Ba1 Rb6 18. Rbe1 fxe4 19. Nxe4 Nxe4 20. Bxe4 Bh3 21. Bg2
Bf5 22. f4 e4 23. Bxg7 exd3 24. Qc3 Rf7 25. Bh6 Rb4 26. Re6 Nxc4 27. Rfe1 Bxe6
28. dxe6 Re7 29. Bd5 d2 30. Qg7+ 1-0

[Event "4NCL/Div1/BRI1 vs. SLO1"]
[Site "Telford ENG"]
[Date "2003.03.08"]
[Round "5.5"]
[White "Buckley, Simon T"]
[Black "Wohl, Aleksandar H"]
[Result "1/2-1/2"]
[WhiteElo "2266"]
[BlackElo "2415"]
[PlyCount "44"]
[EventDate "2003.03.08"]

1. e4 c5 2. Nc3 Nc6 3. g3 e6 4. Bg2 a6 5. f4 b5 6. Nf3 Bb7 7. O-O Nge7 8. d3 d5
9. Re1 dxe4 10. Nxe4 Nf5 11. g4 Nfd4 12. c3 Nxf3+ 13. Qxf3 Be7 14. Be3 Na5 15.
f5 O-O 16. Rad1 exf5 17. Qxf5 Rc8 18. Rf1 Qc7 19. Bf4 Qb6 20. Be3 Qc7 21. Bf4
Qb6 22. Be3 Qc7 1/2-1/2

[Event "4NCL/Div1/BRI1 vs. SLO1"]
[Site "Telford ENG"]
[Date "2003.03.08"]
[Round "5.7"]
[White "Headlong, Timothy"]
[Black "Lappage, Jonathan"]
[Result "1/2-1/2"]
[WhiteElo "2208"]
[BlackElo "2208"]
[PlyCount "87"]
[EventDate "2003.03.08"]

1. Nf3 Nf6 2. c4 g6 3. Nc3 Bg7 4. e4 d6 5. d4 O-O 6. Be2 e5 7. d5 a5 8. Bg5 h6
9. Bh4 Na6 10. O-O Qe8 11. Ne1 g5 12. Bg3 Nxe4 13. Nxe4 f5 {(=)} 14. Bh5 Qd8
15. f3 fxe4 16. fxe4 Rxf1+ 17. Kxf1 Nc5 18. Qe2 Qf6+ 19. Kg1 Bd7 20. Bf2 Rf8
21. Bxc5 dxc5 {(=)} 22. Nd3 b6 23. Rf1 Qxf1+ 24. Qxf1 Rxf1+ 25. Kxf1 Kf8 26. h3
Ke7 27. Ke2 c6 28. Ke3 cxd5 29. exd5 Bf5 30. Bf3 Bxd3 31. Kxd3 e4+ 32. Kxe4
Bxb2 33. Kf5 a4 34. Bd1 a3 35. Ba4 Bd4 {(=)} 36. Kg6 Be5 37. g4 Bg3 38. Kf5 Kd6
39. Kf6 Be5+ 40. Kg6 Bg3 41. Kf5 Ke7 {(=)} 42. Bb5 Bd6 43. Kg6 Bf4 44. Kf5
1/2-1/2

[Event "4NCL/Div1/BRI1 vs. SLO1"]
[Site "Telford ENG"]
[Date "2003.03.08"]
[Round "5.8"]
[White "Armstrong, Malcolm J"]
[Black "Headlong, Fenella"]
[Result "1-0"]
[WhiteElo "2151"]
[BlackElo "1672"]
[PlyCount "127"]
[EventDate "2003.03.08"]

1. d4 d5 2. Nf3 Nf6 3. e3 Bg4 4. Nbd2 e6 5. Bd3 Bd6 6. h3 Bh5 7. c4 c6 8. O-O
Nbd7 9. Qb3 Rb8 10. cxd5 exd5 11. Re1 O-O 12. Qa4 Qc7 13. b4 Rfe8 14. Bb2 Ne4
15. a3 Nxf2 16. Kxf2 Bg3+ 17. Kg1 Bxe1 18. Rxe1 Bxf3 19. Nxf3 Qg3 20. Qc2 Nf6
21. Qf2 Qxf2+ 22. Kxf2 Ne4+ 23. Ke2 Re6 24. Nd2 Nd6 25. Nb3 Rbe8 26. Bc1 b6 27.
Bd2 Ne4 28. Bxe4 Rxe4 29. Rc1 R4e6 30. Rc3 Rg6 31. Kf2 h5 32. Nc1 Rf6+ 33. Kg1
Rb8 34. Nd3 a5 35. Ne5 axb4 36. axb4 Ra8 37. Rxc6 Rxc6 38. Nxc6 Ra2 39. Be1 Re2
40. Bf2 Rc2 41. Ne7+ Kf8 42. Nxd5 Rc1+ 43. Kh2 Rc6 44. Kg3 Ke8 45. b5 Rc2 46.
Nxb6 Rb2 47. Nd5 Kd7 48. b6 Kd6 49. e4 f5 50. Ne3 h4+ 51. Kxh4 Rxf2 52. Nxf5+
Kc6 53. Kg3 Rd2 54. Nxg7 Rxd4 55. Kf4 Rd2 56. g3 Kxb6 57. h4 Rf2+ 58. Ke5 Kc6
59. Ke6 Kc5 60. Nf5 Kc4 61. h5 Kd3 62. h6 Kxe4 63. h7 Rh2 64. Nh4 1-0

[Event "4NCL/Div1/BAR2 vs. WGR1"]
[Site "Telford ENG"]
[Date "2003.03.08"]
[Round "5.1"]
[White "D'Costa, Lorin AR"]
[Black "Baburin, Alexander"]
[Result "1/2-1/2"]
[WhiteElo "2285"]
[BlackElo "2558"]
[PlyCount "93"]
[EventDate "2003.03.08"]

1. d4 d5 2. c4 dxc4 3. Nf3 a6 4. e3 e6 5. Bxc4 c5 6. O-O Nf6 7. Qe2 b5 8. Bb3
Bb7 9. Rd1 Nbd7 10. a4 Qb8 11. Bc2 b4 12. Nbd2 cxd4 13. Nxd4 Bd6 14. h3 O-O 15.
Nc4 Bh2+ 16. Kh1 Bc7 17. e4 Nc5 18. f3 b3 19. Nxb3 Nxb3 20. Bxb3 Bxe4 21. fxe4
Qxb3 22. Ra3 Qb7 23. Re1 Rad8 24. e5 Ne4 25. Rf3 f5 26. b3 Rfe8 27. Ref1 Qd5
28. Bb2 h6 29. Kh2 Rd7 30. Re3 Red8 31. Rff3 Qd1 32. Qxd1 Rxd1 33. b4 R1d5 34.
Rb3 Rb8 35. g4 g6 36. Kg2 Bd8 37. gxf5 gxf5 38. Rfd3 Rxd3 39. Rxd3 Be7 40. Ba3
Kf8 41. Na5 Rc8 42. b5 Bxa3 43. Rxa3 axb5 44. axb5 Rc2+ 45. Kg1 Rc1+ 46. Kg2
Rc2+ 47. Kg1 1/2-1/2

[Event "4NCL/Div1/BAR2 vs. WGR1"]
[Site "Telford ENG"]
[Date "2003.03.08"]
[Round "5.2"]
[White "Lalic, Bogdan"]
[Black "Twyble, Michael S"]
[Result "1-0"]
[WhiteElo "2547"]
[BlackElo "2238"]
[PlyCount "51"]
[EventDate "2003.03.08"]

1. c4 Nf6 2. Nc3 c6 3. e4 e5 4. Nf3 Qa5 5. Be2 Bb4 6. O-O O-O 7. Qc2 Bxc3 8.
dxc3 d5 9. exd5 e4 10. Nd4 cxd5 11. Bg5 Nbd7 12. Nb3 Qc7 13. cxd5 Qe5 14. Bxf6
Nxf6 15. c4 Bd7 16. Rac1 Rac8 17. Qc3 Rfe8 18. Qxe5 Rxe5 19. Rfe1 Kf8 20. Bf1
Rce8 21. Nd4 e3 22. f3 b5 23. g3 Ke7 24. Bg2 Kd8 25. Rc3 h5 26. f4 1-0

[Event "4NCL/Div1/BAR2 vs. WGR1"]
[Site "Telford ENG"]
[Date "2003.03.08"]
[Round "5.3"]
[White "Trent, Lawrence"]
[Black "Turner, Matthew J"]
[Result "0-1"]
[WhiteElo "2257"]
[BlackElo "2519"]
[PlyCount "36"]
[EventDate "2003.03.08"]

1. d4 d5 2. Nc3 Nf6 3. Bg5 Nbd7 4. Nf3 c6 5. Qd3 h6 6. Bf4 e6 7. O-O-O b5 8.
Ne5 b4 9. Na4 Qa5 10. b3 Nxe5 11. dxe5 Ne4 12. Qf3 Ba6 13. Rd4 Bb5 14. Rxe4
dxe4 15. Qxe4 Bxa4 16. bxa4 Qxa4 17. e3 Rc8 18. Bc4 b3 0-1

[Event "4NCL/Div1/BAR2 vs. WGR1"]
[Site "Telford ENG"]
[Date "2003.03.08"]
[Round "5.4"]
[White "Emms, John M"]
[Black "Cox, John J"]
[Result "1-0"]
[WhiteElo "2515"]
[BlackElo "2289"]
[PlyCount "75"]
[EventDate "2003.03.08"]

1. e4 e5 2. Nf3 d6 3. d4 exd4 4. Nxd4 g6 5. Nc3 Bg7 6. Be3 Nf6 7. Qd2 O-O 8.
O-O-O Nc6 9. f3 Nxd4 10. Bxd4 Be6 11. Be3 a6 12. Bh6 Bxh6 13. Qxh6 Qe7 14. h4
b5 15. h5 b4 16. Ne2 Bc4 17. Nf4 Bxf1 18. Rdxf1 Rfb8 19. g4 Qf8 20. hxg6 Qxh6
21. Rxh6 hxg6 22. g5 Kg7 23. Rfh1 Ng8 24. Rh7+ Kf8 25. Nd5 c6 26. Nc7 Ra7 27.
Ne6+ Ke8 28. Rg7 Ke7 29. Nd4 Kf8 30. Rxg8+ Kxg8 31. Nxc6 Rab7 32. Nxb8 Rxb8 33.
Rd1 Rb6 34. Rd5 Kf8 35. Kd2 Ke7 36. Kd3 Ke6 37. Ra5 Rc6 38. f4 1-0

[Event "4NCL/Div1/BAR2 vs. WGR1"]
[Site "Telford ENG"]
[Date "2003.03.08"]
[Round "5.5"]
[White "Berry, Neil"]
[Black "Ward, Christopher"]
[Result "1/2-1/2"]
[WhiteElo "2293"]
[BlackElo "2513"]
[PlyCount "119"]
[EventDate "2003.03.08"]

1. Nf3 c5 2. c4 g6 3. e4 Bg7 4. d4 Qb6 5. dxc5 Qxc5 6. Bd3 d6 7. O-O Bg4 8.
Nbd2 Nf6 9. h3 Bd7 10. Re1 O-O 11. Nb3 Qc7 12. Be3 Bc6 13. Bd4 e5 14. Bc3 Nbd7
15. Nbd2 Nc5 16. Bc2 a5 17. Nh2 b5 18. b3 b4 19. Bb2 Bh6 20. Ng4 Nxg4 21. hxg4
Qb7 22. f3 Qb6 23. Kh1 Ne6 24. Nf1 Rfd8 25. Qe2 a4 26. Red1 Qc5 27. Qe1 Bg5 28.
Bc1 axb3 29. Bxb3 Bxc1 30. Rdxc1 Kg7 31. Ne3 Rh8 32. Qf2 h5 33. Kg1 Nf4 34. Rd1
Rh7 35. g5 h4 36. Ng4 Rh5 37. Qxc5 dxc5 38. Nxe5 Be8 39. Nd3 Ne2+ 40. Kf2 Nc3
41. Rh1 Rd8 42. Ke3 Rxg5 43. Nf4 Ra8 44. Kf2 Ra3 45. Nd5 Ba4 46. Nxc3 bxc3 47.
Bxa4 Rxa4 48. Rxh4 Re5 49. Rhh1 Re8 50. Rhc1 Ra3 51. Rc2 Rd8 52. Rac1 Rd2+ 53.
Ke3 Kf6 54. Rxd2 cxd2+ 55. Kxd2 Rxa2+ 56. Rc2 Ra3 57. Rc3 Ra2+ 58. Rc2 Ra3 59.
Rc3 Ra2+ 60. Rc2 1/2-1/2

[Event "4NCL/Div1/BAR2 vs. WGR1"]
[Site "Telford ENG"]
[Date "2003.03.08"]
[Round "5.6"]
[White "Martin, Andrew D"]
[Black "Meyer, Harvey"]
[Result "1-0"]
[WhiteElo "2426"]
[BlackElo "2228"]
[PlyCount "105"]
[EventDate "2003.03.08"]

1. Nf3 Nf6 2. d4 e6 3. c4 b6 4. e3 Bb7 5. Bd3 d5 6. b3 Bb4+ 7. Nbd2 O-O 8. O-O
Nbd7 9. Bb2 Ne4 10. Rc1 Rc8 11. Qe2 Bd6 12. cxd5 exd5 13. Ba6 Bxa6 14. Qxa6 c6
15. Rc2 Qc7 16. Rfc1 Nb8 17. Qd3 Rfe8 18. Nf1 f6 19. Ne1 Qe7 20. Qd1 a5 21. Nd3
Kh8 22. Re2 Qb7 23. Rec2 Qd7 24. Bc3 Ba3 25. Rb1 Na6 26. Be1 Nb4 27. Bxb4 Bxb4
28. Rbc1 Ba3 29. Rb1 Bb4 30. Qc1 Qd6 31. Ng3 Ba3 32. Qd1 Nxg3 33. hxg3 Rc7 34.
Nf4 Kg8 35. Qg4 Rce7 36. Rd1 Rd8 37. Qf3 Rde8 38. Rd3 Bb4 39. a3 Bxa3 40. Rdc3
c5 41. dxc5 Bxc5 42. Nxd5 Re5 43. Rd3 Re4 44. Rcd2 Qe5 45. Rd1 Kh8 46. Nc3 Rb4
47. Qc6 Rxb3 48. Rd8 Rf8 49. Qc8 h5 50. Rxf8+ Bxf8 51. Qxf8+ Kh7 52. Nd5 a4 53.
Qf7 1-0

[Event "4NCL/Div1/BAR2 vs. WGR1"]
[Site "Telford ENG"]
[Date "2003.03.08"]
[Round "5.7"]
[White "Taylor, Peter"]
[Black "Hunt, Harriet"]
[Result "0-1"]
[WhiteElo "2226"]
[BlackElo "2389"]
[PlyCount "68"]
[EventDate "2003.03.08"]

1. c4 e5 2. g3 Nc6 3. Bg2 d6 4. Nc3 Be6 5. d3 Qd7 6. e4 g6 7. Be3 Bg7 8. Qd2 f5
9. Nge2 Nf6 10. Nd5 Ng4 11. exf5 Bxf5 12. O-O O-O 13. Nec3 Nxe3 14. fxe3 Rae8
15. Rf2 Nd8 16. Ne4 c6 17. Ndc3 Ne6 18. Raf1 Kh8 19. b4 d5 20. cxd5 cxd5 21.
Nc5 Nxc5 22. bxc5 d4 23. exd4 Qxd4 24. Ne4 Rd8 25. Kh1 b6 26. cxb6 axb6 27. Ng5
Kg8 28. a3 Bxd3 29. Ne6 Rxf2 30. Rxf2 Qa1+ 31. Rf1 Qxf1+ 32. Bxf1 Be4+ 33. Bg2
Rxd2 34. Bxe4 Bh6 0-1

[Event "4NCL/Div1/BAR2 vs. WGR1"]
[Site "Telford ENG"]
[Date "2003.03.08"]
[Round "5.8"]
[White "Tiller, Bjorn"]
[Black "Bhatia, Kanwal K"]
[Result "1-0"]
[WhiteElo "2380"]
[BlackElo "2047"]
[PlyCount "67"]
[EventDate "2003.03.08"]

1. e4 e5 2. f4 d5 3. exd5 c6 4. Nc3 exf4 5. Nf3 Bd6 6. d4 Ne7 7. Bc4 O-O 8. O-O
Bg4 9. Qe1 Re8 10. Qh4 Bxf3 11. Rxf3 Nf5 12. Qf2 g5 13. Bd3 Qf6 14. Ne4 Qg7 15.
dxc6 Nxc6 16. c3 Nce7 17. g4 Nh4 18. Nxd6 Nxf3+ 19. Qxf3 Rf8 20. h4 Qh6 21. Nf5
Nxf5 22. Bxf5 Qxh4 23. Bd2 Rfe8 24. Kg2 Qh6 25. Rh1 Qa6 26. Bd3 Qxa2 27. Qh3
Qxb2 28. Qxh7+ Kf8 29. Qh8+ Ke7 30. Qe5+ Kd7 31. Bf5+ Re6 32. Bxe6+ fxe6 33.
Rh7+ Kc6 34. Qc5# 1-0

[Event "4NCL/Div1/WGR2 vs. GUI1"]
[Site "Telford ENG"]
[Date "2003.03.09"]
[Round "6.1"]
[White "Littlewood, Paul E"]
[Black "Conquest, Stuart C"]
[Result "0-1"]
[WhiteElo "2399"]
[BlackElo "2539"]
[PlyCount "80"]
[EventDate "2003.03.09"]

1. e4 c5 2. Nf3 e6 3. c3 Nf6 4. e5 Nd5 5. d4 cxd4 6. cxd4 d6 7. a3 Bd7 8. Bd3
Bc6 9. O-O Nd7 10. b4 a6 11. Bd2 dxe5 12. dxe5 Rc8 13. Qe2 g6 14. Bg5 Qc7 15.
Nbd2 h6 16. Bf6 N7xf6 17. exf6 Nf4 18. Qe3 Nxd3 19. Qxd3 Bb5 20. Qe3 Bxf1 21.
Rxf1 h5 22. Ne5 Bh6 23. f4 O-O 24. Ndf3 Rfd8 25. h3 Qc2 26. g4 Rd1 27. g5 Rxf1+
28. Kxf1 Bf8 29. Qd4 Qc1+ 30. Kg2 Rc2+ 31. Kg3 Qb2 32. Qg1 Qxa3 33. f5 exf5 34.
Qd1 Qa2 35. Qd8 Rg2+ 36. Kf4 Qe6 37. Nd4 Qd6 38. Qxd6 Bxd6 39. b5 Rd2 40. Ndf3
Rd5 0-1

[Event "4NCL/Div1/WGR2 vs. GUI1"]
[Site "Telford ENG"]
[Date "2003.03.09"]
[Round "6.2"]
[White "Cherniaev, Alexander"]
[Black "McDonald, Neil"]
[Result "1-0"]
[WhiteElo "2504"]
[BlackElo "2391"]
[PlyCount "83"]
[EventDate "2003.03.09"]

1. e4 e6 2. d4 d5 3. e5 c5 4. c3 Nc6 5. Nf3 Bd7 6. Be2 Nge7 7. Na3 cxd4 8. cxd4
Nf5 9. Nc2 Nb4 10. O-O Nxc2 11. Qxc2 Qb6 12. Qd3 a6 13. Bd2 h5 14. a4 a5 15. h4
Be7 16. g3 O-O 17. Bc3 f6 18. Qd2 Be8 19. Rfe1 Bg6 20. Bd3 Bb4 21. Re2 fxe5 22.
Bxf5 exf5 23. Nxe5 f4 24. Bxb4 axb4 25. Nd7 Qd6 26. Nxf8 Rxf8 27. Re5 Qd7 28.
f3 fxg3 29. Kg2 b3 30. Qe3 Bc2 31. Kxg3 Qd6 32. Rg1 Rf6 33. Kh2 Kh7 34. Rg3 Bg6
35. a5 Qc6 36. Re7 Qc2+ 37. Rg2 Qd1 38. Rf2 Bc2 39. Qe5 Rg6 40. Rg2 Rxg2+ 41.
Kxg2 Qd2+ 42. Kg3 1-0

[Event "4NCL/Div1/WGR2 vs. GUI1"]
[Site "Telford ENG"]
[Date "2003.03.09"]
[Round "6.3"]
[White "Levitt, Jonathan P"]
[Black "Kosten, Anthony C"]
[Result "0-1"]
[WhiteElo "2419"]
[BlackElo "2545"]
[PlyCount "106"]
[EventDate "2003.03.09"]

1. d4 Nf6 2. c4 e6 3. Nc3 Bb4 4. e3 O-O 5. Nge2 d5 6. a3 Be7 7. cxd5 exd5 8.
Nf4 c6 9. Bd3 a5 10. h3 Na6 11. g4 Ne8 12. b3 Nd6 13. Bb2 Nc7 14. Qe2 Ne6 15.
Nxe6 Bxe6 16. O-O f5 17. f3 b5 18. Qc2 Qd7 19. Rac1 Kh8 20. Ne2 fxg4 21. hxg4
Bxg4 22. fxg4 Qxg4+ 23. Kh2 Ne4 24. Bxe4 dxe4 25. Nf4 Qh4+ 26. Kg1 Qg3+ 27. Ng2
Bd6 28. Rf4 Bxf4 29. exf4 Rxf4 30. d5 e3 31. Be5 Qf2+ 32. Qxf2 exf2+ 33. Kf1
Rf5 34. Bg3 cxd5 35. Bxf2 Raf8 36. Rc2 Rf3 37. b4 Rxa3 38. bxa5 b4 39. Ke2 b3
40. Rd2 Rxa5 41. Bd4 Ra2 42. Bb2 Rf5 43. Ne3 Rh5 44. Kd3 Kg8 45. Rg2 g6 46. Re2
Rh3 47. Kd4 Ra4+ 48. Kxd5 Rh5+ 49. Ke6 Re4+ 50. Kf6 Rh3 51. Bc1 Rf3+ 52. Kg5
Kg7 53. Bb2+ Kf7 0-1

[Event "4NCL/Div1/WGR2 vs. GUI1"]
[Site "Telford ENG"]
[Date "2003.03.09"]
[Round "6.4"]
[White "Plaskett, James"]
[Black "Rechel, Bernd"]
[Result "1-0"]
[WhiteElo "2467"]
[BlackElo "2414"]
[PlyCount "111"]
[EventDate "2003.03.09"]

1. e4 c5 2. Nf3 d6 3. d4 cxd4 4. Nxd4 Nf6 5. Nc3 a6 6. Bg5 e6 7. f4 Be7 8. Qf3
Qc7 9. O-O-O Nbd7 10. Bd3 h6 11. Qh3 Nc5 12. Rhe1 Rg8 13. e5 dxe5 14. fxe5 hxg5
15. exf6 Bxf6 16. Nd5 Qd8 17. Nf5 Kf8 18. Nxf6 Qxf6 19. Qe3 Na4 20. c3 Bd7 21.
Bc2 Bb5 22. Rd6 Rh8 23. h3 Rc8 24. Nd4 Be8 25. Kb1 Nc5 26. Nf3 Rh5 27. Ne5 Rh4
28. Qe2 Bb5 29. c4 Be8 30. g3 Rh6 31. b4 Qe7 32. bxc5 Rxc5 33. Red1 Rc8 34. Qf3
Rf6 35. Qe3 Rh6 36. g4 Qc7 37. Nd7+ Bxd7 38. Rxd7 Qxc4 39. Qa3+ Rc5 40. Rd8+
Ke7 41. R1d7+ Kf6 42. Qf3+ Qf4 43. Rf8 Qxf3 44. Rfxf7+ Ke5 45. Rxf3 Rf6 46.
Re3+ Kf4 47. Rdd3 b5 48. Ra3 Rc7 49. Rf3+ Ke5 50. Rae3+ Kd4 51. Rxf6 gxf6 52.
Rxe6 Rc3 53. Rxf6 Rxh3 54. Rxa6 Rg3 55. Bf5 Rg2 56. Rc6 1-0